000 00392nam a2200145Ia 4500
008 230718s9999 xx 000 0 und d
041 _aEng.
082 _a364.13
_bرشی-د
100 _aرشید احمد گوریجہ
245 0 _aدستور انگلستان دوران کی
260 _aPakistan
_bپنجاب لاء ایسی شرم
_c-
300 _a191
650 _aLaw
999 _c29236
_d29236